Sustainable Human Resource Management: Strategies, Practices And Challenges (Record no. 42939)

MARC details
000 -LEADER
fixed length control field 00356nam a2200121Ia 4500
008 - FIXED-LENGTH DATA ELEMENTS--GENERAL INFORMATION
fixed length control field 241028s9999 xx 000 0 und d
041 ## - LANGUAGE CODE
Language code of text/sound track or separate title eng
082 ## - DEWEY DECIMAL CLASSIFICATION NUMBER
Classification number 658.301 CLA
100 ## - MAIN ENTRY--PERSONAL NAME
Personal name Nina Clarke
245 ## - TITLE STATEMENT
Title Sustainable Human Resource Management: Strategies, Practices And Challenges
260 ## - PUBLICATION, DISTRIBUTION, ETC.
Name of publisher, distributor, etc. Clanrye International
Place of publication, distribution, etc. USA
Date of publication, distribution, etc. 2023
300 ## - PHYSICAL DESCRIPTION
Extent 245;. P. 28 cm
Holdings
Withdrawn status Lost status Damaged status Not for loan Home library Current library Shelving location Date acquired Cost, normal purchase price Full call number Barcode Date last seen Cost, replacement price Price effective from Koha item type
        IMTN IMTN Rack 23-B 07/03/2024 13403.00 658.301 CLA 33368 10/28/2024 154.95 10/28/2024 Books
Designed & Maintained by: LRC IMT Nagpur Contact: lrc@imtnag.ac.in© 2024. All Rights Reserved.